000
00297nam a22001337a 4500
008
171031b xxu||||| |||| 00| 0 eng d
020
_a
9780201157475
041
_a
eng
080
_2
5TH
_a
33
100
_a
59
101
_a
BUS
245
_a
INTERNATIONAL BUSINESS
_c
DANIELS,J.D
942
_2
udc
_c
BK
999
_c
36829
_d
36829